How to Promote and advertise/ (Record no. 153039)

MARC details
000 -LEADER
fixed length control field 00526nam a22001817a 4500
005 - DATE AND TIME OF LATEST TRANSACTION
control field 20190128161902.0
010 ## - LCCN (DPL NO)
LC control number B-219093
020 ## - INTERNATIONAL STANDARD BOOK NUMBER
International Standard Book Number 8183820158
Terms of availability 0.00
035 ## - SYSTEM CONTROL NUMBER
System control number B-219093, B-219072 , B-219075, B-219095
037 ## - SOURCE OF ACQUISITION
Source of stock number/acquisition BPPD/PUB
082 ## - DEWEY DECIMAL CLASSIFICATION NUMBER
Classification number 659.1
100 ## - MAIN ENTRY--PERSONAL NAME
Personal name Allen,Michael E.
245 ## - TITLE STATEMENT
Title How to Promote and advertise/
Statement of responsibility, etc by Michale E.Allen
260 ## - PUBLICATION, DISTRIBUTION, ETC. (IMPRINT)
Place of publication, distribution, etc New Delhi
Name of publisher, distributor, etc Louts Press
Date of publication, distribution, etc 2007
270 ## - ADDRESS
Address Gyan Sager
City New Delhi
Postal code 110002
300 ## - PHYSICAL DESCRIPTION
Extent 114p.
Dimensions 22cm(HB)
942 ## - ADDED ENTRY ELEMENTS (KOHA)
Source of classification or shelving scheme Dewey Decimal Classification
Item type English Books
Call number suffix ALL
Classification part 659.1
Holdings
Withdrawn status Lost status Not for loan Collection code Home library Current library Date acquired Source of acquisition Cost, normal purchase price Full call number Barcode Cost, replacement price Koha item type
      Non-fiction Patel Nagar Patel Nagar 04/07/2018 BPPD/PUB 95.00 659.1 ALL B-219072 95.00 English Books
      Non-fiction Sarojini Nagar Sarojini Nagar 10/04/2019     659.1 ALL B-219079   English Books
      Non-fiction Shahdara Branch Shahdara Branch 23/06/2018 BPPD/PUB 0.00 659.1 ALL B-219093 0.00 English Books
      Non-fiction Tri Nagar Tri Nagar 25/07/2018 BPPD/pub 95.00 659.1 ALL B-219075 95.00 English Books
      Non-fiction Vigyan Vihar Vigyan Vihar 28/01/2019 BPPD/PUB 95.00 659.1 ALL B-219095 95.00 English Books

© Delhi Public Library
Hit Counter
free hit counter